000 01444nam0a2200373 4500
001 RU\NLR\bibl\383082
005 20260406135744.0
010 _a5-699-01483-7
_bВ пер.
_97000
021 _aRU
_b2003-2911
_9132
035 _a(NLR Aleph) 000377476
090 _a434433
_c434433
100 _a20030304d2003 |||y0rusy50 ca
101 1 _arus
_cswe
102 _aRU
105 _aa |||||||||
200 1 _aЧудесное путешествие Нильса с дикими гусями
_e[Для мл. и сред. шк. возраста]
_fСельма Лагерлеф
_gПересказ И. Токмаковой; [Ил. И. Панкова]
210 _aМ.
_cЭКСМО
_d2003
215 _a221, [2] с.
_cил.
_d21
225 1 _aБиблиотека школьника
610 0 _aСказки шведские (д. л.)
675 _a821.113.6-93Лагерлеф
_v3
_zrus
686 _a84(4Шве)-44
_2rubbk
686 _aШ9(4Шв)60-2
686 _aШ9(4Шв)62-2
700 1 _4070
_7ca
_8rus
_aЛагерлеф
_bС.
_f1858-1940
_gСельма
_9120180
_3RU\NLR\auth\7710403
702 1 _4070
_7ca
_8rus
_aТокмакова
_bИ. П.
_f1929-2018
_gИрина Петровна
_9112760
_3RU\NLR\AUTH\772752
801 0 _aRU
_bRKP
_c20030304
_gPSBO
801 1 _aRU
_bRKP
_c20030304
801 2 _aRU
_bNLR
_c20050407
_grcr
942 _cBOOK
980 _aNB